Score 0/20 Timer 04:00
7 Plays Today
% Correct
Barack Obama
97.5%
Michael Jackson
96%
John Travolta
93%
Adolf Hitler
91.3%
Justin Timberlake
91%
Princess Diana
87.6%
Elvis Presley
85.2%
Queen Elizabeth II
82.9%
Simon Cowell
80.4%
Elton John
75.9%
% Correct
Jennifer Lopez
68.8%
Drew Barrymore
67.1%
Miley Cyrus
66.3%
Tom Hanks
61.9%
Clint Eastwood
55.8%
Rafael Nadal
53.8%
Arnold Schwarzenegger
41.3%
Lindsay Lohan
21.5%
David Beckham
17%
Fernando Alonso
8%
Remove Ads.
Support Sporcle.
Get the best of Sporcle when you Go Orange. This ad-free experience offers more features, more stats, and more fun while also helping to support Sporcle. Thank you for becoming a member.

You're not logged in!

Compare scores with friends on all Sporcle quizzes.
OR
Log In

Show Comments

Extras

Top Quizzes Today


Score Distribution

Your Account Isn't Verified!

In order to create a playlist on Sporcle, you need to verify the email address you used during registration. Go to your Sporcle Settings to finish the process.

Report this User

Report this user for behavior that violates our Community Guidelines.

Details: